Commercial activities in Ayyubid and early Rasulid Yemen (569-694/1173-1295) /
Saved in:
| Main Author: | |
|---|---|
| Format: | Thesis |
| Language: | English |
| Published: |
Manchester :
University of Manchester,
2005
|
| Subjects: | |
| Tags: |
Add Tag
No Tags, Be the first to tag this record!
|
| LEADER | 010240000a22002410004500 | ||
|---|---|---|---|
| 008 | 101126t2005 xxkab f m 000 0 eng d | ||
| 040 | |a UIAM |e ng | ||
| 043 | |a e-uk--- | ||
| 050 | 0 | 0 | |a DS38.6 |
| 100 | 1 | |a Abudahesh, Abdulaziz | |
| 245 | 1 | 0 | |a Commercial activities in Ayyubid and early Rasulid Yemen (569-694/1173-1295) / |c by Abdulaziz Abudahesh |
| 260 | |a Manchester : |b University of Manchester, |c 2005 | ||
| 300 | |a 367 p. ; |c 30 cm. | ||
| 500 | |a "A thesis submitted to the University of Manchester for the degree of Ph. D. in the Faculty of Arts."-- On t. p. | ||
| 502 | |a Thesis (Ph. D.) -- University of Manchester, 2005 | ||
| 504 | |a Includes bibliographical references (p. 354-367). | ||
| 596 | |a 1 | ||
| 650 | 0 | |a Ayyubids | |
| 651 | 0 | |a Islamic Empire |x History |y 750-1258 | |
| 655 | 0 | 7 | |a Theses, Facsimile edition (Islamic) |
| 900 | |a hj-ls | ||
| 999 | |c 433243 |d 466222 | ||
| 952 | |0 0 |6 TI DS 000038.6 A165C 2005 |7 0 |8 THESES |9 756877 |a IIUM |b IIUM |c MULTIMEDIA |g 640.00 |o ti DS 38.6 A165C 2005 |p 00011196851 |r 2017-10-23 |t 1 |v 640.00 |y THESIS | ||
